[Event "Cappelle Online Blitz op"]
[Site "Europe Echecs INT"]
[Date "2022.01.09"]
[Round "9"]
[White "Aghamir Alrobiai, Nizar"]
[Black "Aggoune, Liza"]
[Result "1-0"]
[WhiteElo "2118"]
[BlackElo "1745"]
[PlyCount "55"]
[EventDate "2022.01.09"]
[EventType "swiss (blitz)"]
[EventRounds "11"]
[EventCountry "FRA"]
[SourceTitle "EXT 2023"]
[Source "ChessBase"]
[SourceDate "2022.10.05"]
[SourceVersion "1"]
[SourceVersionDate "2022.10.05"]
[SourceQuality "1"]

1. e4 d5 2. exd5 Qxd5 3. Nc3 Qd8 4. Bc4 Nf6 5. Nf3 a6 6. a4 Nc6 7. 0-0 Bf5 8. d4 e6 9. Re1 Bd6 10. Bg5 h6 11. Bh4 Qd7 12. Bg3 Bxg3 13. hxg3 0-0 14. Ne2 Nb4 15. Bb3 Rac8 16. Ne5 Qd6 17. c3 Nbd5 18. Nf4 Rfd8 19. Nxd5 Nxd5 20. g4 Bh7 21. Qf3 c5 22. Nxf7 Qd7 23. Nxd8 Rxd8 24. Bxd5 exd5 25. dxc5 Rf8 26. Qe2 Qd8 27. Rad1 Kh8 28. Qe7 1-0

[Event "Cappelle Online Blitz op"]
[Site "Europe Echecs INT"]
[Date "2022.01.09"]
[Round "11"]
[White "Daverio, Edoardo"]
[Black "Aggoune, Liza"]
[Result "1-0"]
[WhiteElo "1984"]
[BlackElo "1745"]
[PlyCount "161"]
[EventDate "2022.01.09"]
[EventType "swiss (blitz)"]
[EventRounds "11"]
[EventCountry "FRA"]
[SourceTitle "EXT 2023"]
[Source "ChessBase"]
[SourceDate "2022.10.05"]
[SourceVersion "1"]
[SourceVersionDate "2022.10.05"]
[SourceQuality "1"]

1. d4 d5 2. c4 dxc4 3. Nf3 Nf6 4. Nc3 c6 5. e4 Bg4 6. Bxc4 e6 7. Be3 Be7 8. 0-0 0-0 9. h3 Bh5 10. Be2 Nbd7 11. Qd2 Bb4 12. Qc2 Rc8 13. a3 Be7 14. Bg5 h6 15. Bh4 Re8 16. e5 Nd5 17. Bxe7 Qxe7 18. Ne4 Bg6 19. Nfd2 c5 20. Qa4 a6 21. Nd6 cxd4 22. Nxe8 Rxe8 23. Qxd4 Rc8 24. Rac1 Rd8 25. Ne4 N7b6 26. Nd6 Qg5 27. f4 Qg3 28. Rf3 Qh4 29. Bc4 Bh5 30. Rf2 Qg3 31. Rc3 Qg6 32. Bxd5 Nxd5 33. Rfc2 Bf3 34. Rxf3 Qxc2 35. Rf2 Qb1+ 36. Kh2 Qg6 37. Nxb7 Rb8 38. Nc5 Ne7 39. Nxa6 Nf5 40. Qd3 Rf8 41. g4 Ne7 42. Qxg6 fxg6 43. Nc5 Kf7 44. b4 Ra8 45. Rf3 Nd5 46. Kg3 Rc8 47. a4 Nxb4 48. Ne4 Ra8 49. Ra3 Nc6 50. Nd6+ Ke7 51. Nc4 Nd4 52. a5 Nb5 53. Ra4 Nc7 54. Nb6 Ra6 55. Nc4 Nd5 56. Kf3 g5 57. f5 exf5 58. gxf5 Nc3 59. Ra3 Nb5 60. Ra1 Nd4+ 61. Ke4 Nc6 62. Kd5 Nd8 63. Kc5 Rc6+ 64. Kb5 Rc7 65. a6 Ra7 66. Kb6 Ra8 67. a7 h5 68. Kc7 g4 69. hxg4 Rxa7+ 70. Rxa7 hxg4 71. Ra3 Nf7 72. Rh3 Nh6 73. Rg3 Nxf5 74. Rxg4 Ke6 75. Kc6 Kf7 76. Kd7 g6 77. e6+ Kf8 78. Rxg6 Ng7 79. Rf6+ Kg8 80. e7 Kh7 81. e8Q 1-0

[Event "Ville d'Orsay online Blitz"]
[Site "Europe Echecs INT"]
[Date "2021.02.07"]
[Round "6"]
[White "Aggoune, Liza"]
[Black "Froment, Theophile"]
[Result "1-0"]
[WhiteElo "1722"]
[BlackElo "1995"]
[PlyCount "79"]
[EventDate "2021.02.07"]
[EventType "swiss (blitz)"]
[EventRounds "11"]
[EventCountry "FRA"]
[SourceTitle "CBM 200 Extra"]
[Source "ChessBase"]
[SourceDate "2021.03.31"]
[SourceVersion "1"]
[SourceVersionDate "2021.03.31"]
[SourceQuality "1"]

1. d4 Nf6 2. Nf3 g6 3. Bg5 Bg7 4. c3 0-0 5. Nbd2 d5 6. e3 Bg4 7. Be2 h6 8. Bh4 Nbd7 9. 0-0 c5 10. b4 cxb4 11. cxb4 Qb6 12. a3 e6 13. Nb3 Ne4 14. Rc1 Rfc8 15. Nc5 Ndxc5 16. bxc5 Qa5 17. Qd3 g5 18. Bg3 Nxg3 19. hxg3 Bf5 20. Qb3 Rab8 21. Qb4 Qc7 22. Rfd1 Bf8 23. Qa4 f6 24. Rc3 Kg7 25. Qxa7 Be7 26. Rb3 Bc2 27. Rdb1 Bxb1 28. Rxb1 Kf7 29. Qa4 Ra8 30. Qb3 b6 31. cxb6 Qb7 32. a4 Rc6 33. Qb5 Rb8 34. a5 Ra8 35. a6 Qxa6 36. Qxc6 Qxe2 37. Qxa8 Qc2 38. Rf1 Qb2 39. b7 Bd6 40. Qa7 1-0

[Event "Trophee Roza Lallemand Online"]
[Site "Tornelo INT"]
[Date "2020.12.13"]
[Round "4"]
[White "Aggoune, Liza"]
[Black "Marchis Mouren, Emma"]
[Result "1-0"]
[WhiteElo "1722"]
[BlackElo "1455"]
[PlyCount "39"]
[EventDate "2020.12.13"]
[EventType "swiss (rapid)"]
[EventRounds "9"]
[EventCountry "USA"]
[SourceTitle "EXT 2022"]
[Source "ChessBase"]
[SourceDate "2021.10.06"]
[SourceVersion "1"]
[SourceVersionDate "2021.10.06"]
[SourceQuality "1"]

1. d4 d5 2. Bf4 e6 3. e3 Nf6 4. Nd2 c6 5. Bd3 Nbd7 6. Ngf3 Be7 7. c3 0-0 8. Ne5 c5 9. g4 Nxe5 10. dxe5 Nd7 11. h4 Bxh4 12. g5 Bxf2+ 13. Kxf2 g6 14. Rxh7 Re8 15. Qh1 Kf8 16. Rxf7+ Kxf7 17. Qh7+ Kf8 18. Bxg6 Qf6 19. gxf6 Nxe5 20. Qg7# 1-0

[Event "FRA-chT Top 12 (Women) GpA"]
[Site "Vandoeuvre"]
[Date "2019.05.04"]
[Round "4.1"]
[White "Aggoune, Liza"]
[Black "Bauer, Alexandra"]
[Result "1-0"]
[WhiteElo "1769"]
[BlackElo "1349"]
[PlyCount "53"]
[EventDate "2019.05.02"]
[EventType "team-tourn"]
[EventRounds "5"]
[EventCountry "FRA"]
[SourceTitle "CBM 190 Extra"]
[Source "ChessBase"]
[SourceDate "2019.07.15"]
[SourceVersion "1"]
[SourceVersionDate "2019.07.15"]
[SourceQuality "1"]
[WhiteTeam "Juvisy (W)"]
[BlackTeam "Montpellier (W)"]
[WhiteTeamCountry "FRA"]
[BlackTeamCountry "FRA"]

1. e4 c5 2. Nc3 Nc6 3. Bb5 e6 4. d3 Nf6 5. f4 d5 6. e5 Nd7 7. Nf3 a6 8. Bxc6 bxc6 9. 0-0 Be7 10. Qe1 Nf8 11. Kh1 h5 12. Qf2 Ng6 13. Bd2 Rb8 14. Rab1 h4 15. h3 a5 16. b3 Ba6 17. Rfe1 0-0 18. Nh2 Qd7 19. Na4 Qa7 20. f5 exf5 21. Qxf5 Bc8 22. Qh5 Rb5 23. Nf3 Qc7 24. Bg5 Rd8 25. e6 Qd6 26. exf7+ Kxf7 27. Rxe7+ 1-0

[Event "FRA-chT Top 12 (Women) GpA"]
[Site "Vandoeuvre"]
[Date "2019.05.02"]
[Round "1.2"]
[White "Leconte, Maria"]
[Black "Aggoune, Liza"]
[Result "1-0"]
[WhiteElo "2246"]
[BlackElo "1769"]
[PlyCount "57"]
[EventDate "2019.05.02"]
[EventType "team-tourn"]
[EventRounds "5"]
[EventCountry "FRA"]
[SourceTitle "CBM 190 Extra"]
[Source "ChessBase"]
[SourceDate "2019.07.15"]
[SourceVersion "1"]
[SourceVersionDate "2019.07.15"]
[SourceQuality "1"]
[WhiteTeam "Monaco (W)"]
[BlackTeam "Juvisy (W)"]
[WhiteTeamCountry "FRA"]
[BlackTeamCountry "FRA"]

1. e4 c5 2. c3 e6 3. d4 d5 4. e5 Nc6 5. Nf3 Bd7 6. Be2 cxd4 7. cxd4 Qb6 8. 0-0 Nge7 9. Nc3 Nf5 10. Na4 Qc7 11. g4 Nfe7 12. Be3 Ng6 13. Rc1 Be7 14. Nc5 0-0 15. b4 Bxc5 16. Rxc5 a6 17. h4 Qb6 18. h5 Nge7 19. a3 f6 20. Bd3 Be8 21. exf6 Rxf6 22. Bb1 h6 23. Ne5 Qd8 24. Qd3 Kf8 25. Rcc1 Qd6 26. f4 g6 27. Bf2 Rxf4 28. Bg3 Nxe5 29. Rxf4+ 1-0

[Event "Agneaux St Lo op 14th"]
[Site "Agneaux"]
[Date "2012.07.07"]
[Round "1"]
[White "Devallee, Jeremie"]
[Black "Aggoune, Liza"]
[Result "0-1"]
[WhiteElo "2106"]
[BlackElo "1849"]
[PlyCount "108"]
[EventDate "2012.07.07"]
[EventType "swiss"]
[EventRounds "9"]
[EventCountry "FRA"]
[SourceTitle "EXT 2013"]
[Source "ChessBase"]
[SourceDate "2012.11.22"]
[SourceVersion "1"]
[SourceVersionDate "2012.11.22"]
[SourceQuality "1"]

1. e4 c5 2. Nf3 e6 3. b4 cxb4 4. d4 Qc7 5. Bd3 Nc6 6. 0-0 d6 7. a3 Nf6 8. d5 Ne5 9. axb4 Be7 10. Nxe5 dxe5 11. c4 b6 12. Bb2 Bd7 13. f4 Bd6 14. Kh1 exf4 15. dxe6 Bxe6 16. Na3 Bxb4 17. Nb5 Qe7 18. Nc7+ Qxc7 19. Qa4+ Qd7 20. Qxb4 Qxd3 21. Ba3 Qd7 22. Rad1 Qc7 23. Qb5+ Bd7 24. Qb2 Qc6 25. e5 Ng4 26. Rd6 Qxc4 27. Rc1 Qe4 28. Rxd7 Kxd7 29. Rd1+ Ke6 30. Qb3+ Kf5 31. Qxf7+ Kg5 32. Be7+ Kh6 33. h4 Qg6 34. Qxf4+ Kh5 35. e6 Rad8 36. Re1 Rd3 37. Re5+ Nxe5 38. Qxe5+ Kg4 39. Qe2+ Kg3 40. Qe1+ Kf4 41. Bg5+ Kf5 42. Qe2 Rd4 43. e7 Qd6 44. g4+ Rxg4 45. Qf3+ Rf4 46. Bxf4 Qxf4 47. Qh5+ Kf6 48. e8Q Rxe8 49. Qxe8 Qxh4+ 50. Kg2 Qg5+ 51. Kf2 Qd2+ 52. Kf1 Qf4+ 53. Kg2 Qg5+ 54. Kf2 Qf5+ 0-1

[Event "Marseille (Women)"]
[Site "Marseille"]
[Date "2005.06.??"]
[Round "1"]
[White "Gadarinian, Caroline"]
[Black "Aggoune, Liza"]
[Result "1/2-1/2"]
[WhiteElo "1927"]
[BlackElo "2060"]
[PlyCount "46"]
[EventDate "2005.06.??"]
[EventType "tourn"]
[EventRounds "9"]
[EventCountry "FRA"]
[SourceTitle "EXT 2006"]
[Source "ChessBase"]
[SourceDate "2005.11.24"]
[SourceVersion "1"]
[SourceVersionDate "2005.11.24"]
[SourceQuality "1"]

1. Nf3 d5 2. d4 Nf6 3. Bg5 Ne4 4. Bf4 c5 5. c3 cxd4 6. Nxd4 Nc6 7. e3 e6 8. Bd3 Nxd4 9. exd4 Nf6 10. Qb3 Be7 11. Nd2 0-0 12. Nf3 h6 13. h3 Nd7 14. 0-0 Qb6 15. Ne5 Nxe5 16. Qxb6 axb6 17. Bxe5 Bd7 18. a3 Rfc8 19. Bh2 Bf6 20. Rae1 Ra5 21. Bd6 g5 22. f4 Kg7 23. fxg5 hxg5 1/2-1/2

[Event "Marseille (Women)"]
[Site "Marseille"]
[Date "2005.06.??"]
[Round "4"]
[White "Zickelbein, Eva Maria"]
[Black "Aggoune, Liza"]
[Result "1-0"]
[WhiteElo "2124"]
[BlackElo "2060"]
[PlyCount "38"]
[EventDate "2005.06.??"]
[EventType "tourn"]
[EventRounds "9"]
[EventCountry "FRA"]
[SourceTitle "EXT 2006"]
[Source "ChessBase"]
[SourceDate "2005.11.24"]
[SourceVersion "1"]
[SourceVersionDate "2005.11.24"]
[SourceQuality "1"]

1. e4 c5 2. Nc3 e6 3. Nf3 a6 4. d4 cxd4 5. Nxd4 Qc7 6. Bd3 Nf6 7. 0-0 Nc6 8. Nxc6 dxc6 9. Be3 Bd6 10. f4 e5 11. f5 0-0 12. a4 a5 13. Qf3 Qe7 14. Kh1 Bc5 15. Bg5 Bd7 16. Bc4 Rad8 17. Qg3 Kh8 18. Qh4 b5 19. axb5 cxb5 1-0

[Event "Marseille op 3rd"]
[Site "Marseille"]
[Date "2004.12.??"]
[Round "1"]
[White "Aggoune, Liza"]
[Black "Dejarnac, Renaud"]
[Result "1-0"]
[WhiteElo "1950"]
[BlackElo "1570"]
[PlyCount "39"]
[EventDate "2004.12.27"]
[EventType "swiss"]
[EventRounds "7"]
[EventCountry "FRA"]
[SourceTitle "CBM 104 Extra"]
[Source "ChessBase"]
[SourceDate "2005.03.01"]
[SourceVersion "1"]
[SourceVersionDate "2005.03.01"]
[SourceQuality "1"]

1. e4 e6 2. d4 d5 3. Nd2 Nf6 4. e5 Nfd7 5. Bd3 c5 6. c3 Nc6 7. Ndf3 cxd4 8. cxd4 Be7 9. Ne2 f6 10. exf6 Nxf6 11. 0-0 0-0 12. Bf4 Nh5 13. Be3 Rxf3 14. gxf3 e5 15. Qb1 Bh3 16. Bxh7+ Kh8 17. Bf5 Bxf1 18. Qxf1 Nf6 19. Qh3+ Kg8 20. Be6+ 1-0

[Event "France-ch U16 Girls"]
[Site "Reims"]
[Date "2004.04.22"]
[Round "6"]
[White "Aggoune, Liza"]
[Black "Cloarec, Audrey"]
[Result "1-0"]
[WhiteElo "1820"]
[BlackElo "1590"]
[PlyCount "81"]
[EventDate "2004.04.??"]
[EventType "swiss"]
[EventRounds "9"]
[EventCountry "FRA"]
[SourceTitle "EXT 2005"]
[Source "ChessBase"]
[SourceDate "2004.11.15"]
[SourceVersion "1"]
[SourceVersionDate "2004.11.15"]
[SourceQuality "1"]

1. e4 Nc6 2. d4 d5 3. e5 Bf5 4. f4 e6 5. Nf3 f6 6. c3 Be7 7. Be3 Nh6 8. Qd2 Ng4 9. Be2 Nxe3 10. Qxe3 0-0 11. 0-0 fxe5 12. fxe5 Qe8 13. Bd3 Qg6 14. Bxf5 Rxf5 15. Nbd2 Raf8 16. Qe2 a6 17. b4 Nd8 18. Nb3 Nf7 19. Nc5 Ng5 20. Nxg5 Bxg5 21. Rxf5 Rxf5 22. Nxb7 Qh6 23. Rf1 Be3+ 24. Kh1 Rxf1+ 25. Qxf1 Bd2 26. Qf3 Qg6 27. h3 Qc2 28. Nd8 Qc1+ 29. Kh2 Bf4+ 30. g3 Qd2+ 31. Qg2 Qxg2+ 32. Kxg2 Bd2 33. Nxe6 Bxc3 34. Nxc7 Bxd4 35. e6 Kf8 36. Nxd5 Ke8 37. Kf3 Be5 38. g4 h6 39. Ke4 Bd6 40. Kf5 Bf8 41. Kg6 1-0

[Event "Marseille op"]
[Site "Marseille"]
[Date "2003.12.27"]
[Round "2"]
[White "Leygue, Dominique"]
[Black "Aggoune, Liza"]
[Result "0-1"]
[WhiteElo "2265"]
[BlackElo "1910"]
[PlyCount "35"]
[EventDate "2003.12.26"]
[EventType "swiss"]
[EventRounds "9"]
[EventCountry "FRA"]
[SourceTitle "CBM 097 Extra"]
[Source "ChessBase"]
[SourceDate "2004.01.13"]
[SourceVersion "1"]
[SourceVersionDate "2004.01.13"]
[SourceQuality "1"]

1. e4 c5 2. Nc3 Nc6 3. g3 g6 4. Bg2 Bg7 5. d3 e6 6. Be3 d6 7. Qd2 Nf6 8. Bh6 0-0 9. h4 d5 10. h5 Nxh5 11. g4 Nf6 12. Bxg7 Kxg7 13. Qh6+ Kg8 14. Nf3 Re8 15. e5 Nd7 16. Qxh7+ Kf8 17. Qh6+ Ke7 18. Qg5+ 0-1